The systems approach /

Bibliographic Details
Main Author: Churchman, C. West (Charles West), 1913-2004
Format: Book
Language:English
Published: New York : Delacorte Press, [1968]
Subjects:

MARC

Tag First Indicator Second Indicator Subfields
LEADER 00000cam a2200000 4500
001 in00000084757
005 20151008053219.0
008 683110s1968 nyu b 00010 engm
010 |a  68020106  
035 |a (OCoLC)02616232 
035 |9 AAH6678AM 
037 |c $7.50 
040 |a DLC  |c DLC  |d m.c.  |d TXA  |d UtOrBLW 
049 |a TXAM  |c [1503054]   |c [950839] 
050 0 0 |a HD20.5  |b  C47 
082 0 |a 658.4 
100 1 |a Churchman, C. West  |q (Charles West),  |d 1913-2004. 
245 1 4 |a The systems approach /  |c by C. West Churchman. 
264 1 |a New York :  |b Delacorte Press,  |c [1968] 
300 |a xi, 243 pages ;  |c 22 cm. 
336 |a text  |b txt  |2 rdacontent 
337 |a unmediated  |b n  |2 rdamedia 
338 |a volume  |b nc  |2 rdacarrier 
504 |a Includes bibliographical references. 
650 0 |a System analysis. 
999 |a MARS 
999 f f |s 073826d8-0751-381a-beff-a406a066d60b  |i 713fb5af-a30e-3ee2-ab22-888c0998fc7e  |t 0 
952 f f |p ric  |a Texas A&M University  |b Rellis Campus  |c Joint Library Facility  |d Remote Storage  |t 0  |e HD20.5 C47  |h Library of Congress classification  |i unmediated -- volume  |m A14802608429 
998 f f |a HD20.5 C47  |t 0  |l Remote Storage